=LDR 00000nam 2200000 4500 =001 NUTBA000000000003131 =005 20140724095447.0 =006 =007 =008 =020 ##$$a 978-602-98173-5-5 =035 ##$$0010-071400000000319 =040 ##$$a NBPDMAT =082 ##$$a 510 =090 ##$$a 510 $b Adi r =100 ##$$a Adif Laksana =245 ##$$a Rumus brilian matematika SMP kelas 1,2, dan 3 / $c Adif Laksana ; penyunting, Chrisna Farmadiani =260 ##$$a Yogyakarta : $b Javalitera, $c 2011 =300 ##$$a 105 hlm. ; $c 21 cm. =500 ##$$a Bibliografi : hlm. 105 =650 ##$$a Matematika SMP - Rumus =700 ##$$a Chrisna Farmadiani =850 ##$$a NBPDMAT =990 ##$$a 21406312 =990 ##$$a 0001/BPAP-NTB/20142015 =990 ##$$a 0001/BPAP-NTB/2015 =990 ##$$a 0001/BPAP-NTB/2015 =990 ##$$a 0001/BPAP-NTB/2015 =990 ##$$a 0001/BPAP-NTB/2016